000 00918nam a22002537a 4500
005 20240530110457.0
008 150420s2010 ua g b 000 0dara d
017 _a2010/20248
_bمصر . دار الكتب المصرية
020 _a9772328011
040 _aEG-CaGPL
082 0 4 _221
_a379.1\
_bس ش
100 0 _aسعيد اسماعيل على
245 1 0 _aشروخ فى جدار التعليم /
_cسعيد اسماعيل على
250 _aط1
260 _aالقاهرة :
_bعالم الكتب ،
_c2010.
300 _a295 ص ؛
_c24 سم
504 _aشتمل على ارجاعات ببليوجرافية
650 0 4 _aالتعليم
_xطرق المعالجة
650 0 4 _aالتعليم
_xطرق الملاحظة
650 0 4 _aالتخطيط التربوى
650 0 4 _aالفروق الفردية فى التعليم
942 _2ddc
_cBK
999 _c61389
_d61389